000
00285nam a22001097a 4500
082
_a
320
_b
MAK
100
_a
Makarevic, Nedim
245
_a
Influence of IT Security on banks' competitiveness /
_c
Nedim Makarevic
300
_a
127p. ;
_c
22 cm.
563
_a
PBK.
942
_2
ddc
_c
BK
999
_c
589065
_d
589065